गुंतवणुकीSो शास्त्र (Record no. 327302)

MARC details
000 -LEADER
fixed length control field 00620nam a2200169Ia 4500
008 - FIXED-LENGTH DATA ELEMENTS--GENERAL INFORMATION
fixed length control field 090711s9999 xx 000 0 und d
082 ## - DEWEY DECIMAL CLASSIFICATION NUMBER
Item number 77692
100 ## - MAIN ENTRY--PERSONAL NAME
Personal name खळदकर अरविंद के.
245 ## - TITLE STATEMENT
Title गुंतवणुकीSो शास्त्र
260 ## - PUBLICATION, DISTRIBUTION, ETC. (IMPRINT)
Name of publisher, distributor, etc कौशिक प्रकाशन
Date of publication, distribution, etc 1995
300 ## - PHYSICAL DESCRIPTION
Extent 112
600 ## - SUBJECT ADDED ENTRY--PERSONAL NAME
Personal name खळदकर अरविंद के.
630 ## - SUBJECT ADDED ENTRY--UNIFORM TITLE
Uniform title गुंतवणुकीSो शास्त्र
700 ## - ADDED ENTRY--PERSONAL NAME
Personal name खळदकर अरविंद के.
730 ## - ADDED ENTRY--UNIFORM TITLE
Uniform title गुंतवणुकीSो शास्त्र
942 ## - ADDED ENTRY ELEMENTS (KOHA)
Koha item type Book
Holdings
Withdrawn status Lost status Damaged status Not for loan Home library Current library Date acquired Cost, normal purchase price Total Checkouts Full call number Barcode Date last seen Cost, replacement price Price effective from Koha item type
        Dadar Sarvajanik Vachanalaya, Dardar Dadar Sarvajanik Vachanalaya, Dardar 07/11/2009 72.00   77692 DASAVA-77692 07/11/2009 72.00 07/11/2009 Book